Образы Италии. Западноевропейское искусство XVII-XX веков из собрания Эрмитажа (Запись № 11499432)
[ простой вид ]
| 000 -МАРКЕР | |
|---|---|
| контрольное поле | 02458nam0a2200373 i 4500 |
| 001 - ИДЕНТИФИКАТОР ЗАПИСИ | |
| контрольное поле | RU\NLR\BIBL_A\011117301 |
| 005 - ИДЕНТИФИКАТОР ВЕРСИИ | |
| контрольное поле | 20260407073332.0 |
| 010 ## - МЕЖДУНАРОДНЫЙ СТАНДАРТНЫЙ НОМЕР КНИГИ (ISBN) | |
| Номер (ISBN) | 9785950102301 |
| 035 ## - ДРУГИЕ СИСТЕМНЫЕ НОМЕРА | |
| Идентификатор записи | (NLR Aleph) 011117301 |
| 100 ## - ДАННЫЕ ОБЩЕЙ ОБРАБОТКИ | |
| Данные общей обработки | 20160428d2015 u y0rusy50 ca |
| 101 0# - ЯЗЫК РЕСУРСА | |
| Язык текста, звукозаписи и т.д. | русский |
| 102 ## - СТРАНА ПУБЛИКАЦИИ ИЛИ ПРОИЗВОДСТВА | |
| Страна публикации | российская федерация |
| 105 ## - ПОЛЕ КОДИРОВАННЫХ ДАННЫХ: ТЕКСТОВЫЕ МАТЕРИАЛЫ, МОНОГРАФИЧЕСКИЕ | |
| Кодированные данные о монографическом текстовом документе | ac z 001yy |
| 200 1# - ЗАГЛАВИЕ И СВЕДЕНИЯ ОБ ОТВЕТСТВЕННОСТИ | |
| Основное заглавие | Образы Италии. Западноевропейское искусство XVII-XX веков из собрания Эрмитажа |
| Сведения, относящиеся к заглавию | [каталог выставки, с 5 июня 2015 года по 31 января 2016 года |
| Первые сведения об ответственности | авт. ст.: С. О. Андросов и др. |
| Последующие сведения об ответственности | авт. аннот.: Е. Е. Абрамова и др.] |
| 210 ## - ПУБЛИКАЦИЯ, РАСПРОСТРАНЕНИЕ И ДР. | |
| Место издания, распространения и т.д. | Санкт-Петербург |
| Имя издателя, распространителя и т. д. | Славия |
| Дата издания, распространения и т.д. | 2015 |
| 215 ## - ФИЗИЧЕСКАЯ ХАРАКТЕРИСТИКА | |
| Специфическое обозначение материала и объем | 238, [1] с. |
| Другие сведения о физической характеристике | ил., цв. ил., портр. |
| Размеры | 27 |
| 225 1# - СЕРИЯ | |
| Основное заглавие серии | Эрмитаж, 250 |
| 316 ## - ПРИМЕЧАНИЯ ОБ ОСОБЕННОСТЯХ ЭКЗЕМПЛЯРА | |
| Текст примечания | Экслибрис: Дар Эрмитажа |
| Организация и экземпляр, к которому относится поле | NLR |
| 320 ## - ПРИМЕЧАНИЯ О НАЛИЧИИ В ДОКУМЕНТЕ БИБЛИОГРАФИИ / УКАЗАТЕЛЯ | |
| Текст примечания | Библиогр.: с. 236-238 и в примеч. в конце ст. |
| 517 1# - ДРУГИЕ ВАРИАНТЫ ЗАГЛАВИЯ | |
| Вариант заглавия | Западноевропейское искусство XVII -XX веков из собрания Эрмитажа |
| 601 02 - НАИМЕНОВАНИЕ ОРГАНИЗАЦИИ КАК ПРЕДМЕТ | |
| Начальный элемент ввода | Государственный Эрмитаж |
| Идентифицирующий признак | Санкт-Петербург, город |
| Формальный подзаголовок | Каталоги |
| Тематический подзаголовок | Коллекция изобразительного искусства |
| -- | Выставки |
| Хронологический подзаголовок | 2015 - 2016 |
| Системный номер авторитетной/нормативной записи | 2263886 |
| Идентификатор авторитетной/нормативной записи | RU\NLR\AUTH\6601586873 |
| 606 1# - НАИМЕНОВАНИЕ ТЕМЫ КАК ПРЕДМЕТ | |
| Наименование темы | Изобразительное искусство |
| Формальный подзаголовок | Каталоги |
| Тематический подзаголовок | Выставки |
| Географический подзаголовок | Европа Западная |
| -- | Санкт-Петербург, город |
| Хронологический подзаголовок | 2015 - 2016 |
| Системный номер авторитетной/нормативной записи | 2282674 |
| Идентификатор авторитетной/нормативной записи | RU\NLR\AUTH\6601595633 |
| 607 ## - ГЕОГРАФИЧЕСКОЕ НАИМЕНОВАНИЕ КАК ПРЕДМЕТ | |
| Географическое наименование | Италия |
| Формальный подзаголовок | Каталоги |
| Тематический подзаголовок | в изобразительном искусстве |
| Системный номер авторитетной/нормативной записи | 2615983 |
| Идентификатор авторитетной/нормативной записи | RU\NLR\AUTH\661552542 |
| 686 1# - ИНДЕКСЫ ДРУГИХ КЛАССИФИКАЦИЙ | |
| Индекс | Щ101.3(2Р)-2Санкт-Петербург2Эрмитаж л62 |
| 686 1# - ИНДЕКСЫ ДРУГИХ КЛАССИФИКАЦИЙ | |
| Индекс | Щ103(0)л62 |
| 711 02 - НАИМЕНОВАНИЕ ОРГАНИЗАЦИИ - АЛЬТЕРНАТИВНАЯ ОТВЕТСТВЕННОСТЬ | |
| Начальный элемент ввода | Государственный Эрмитаж |
| Идентифицирующий признак | Санкт-Петербург |
| Идентификатор авторитетной/нормативной записи | RU\NLR\AUTH\883267 |
| Системный номер авторитетной/нормативной записи | 277747 |
| 711 12 - НАИМЕНОВАНИЕ ОРГАНИЗАЦИИ - АЛЬТЕРНАТИВНАЯ ОТВЕТСТВЕННОСТЬ | |
| Начальный элемент ввода | "Образы Италии. Западноевропейское искусство XVII-XX веков из собрания Эрмитажа", выставка |
| Место проведения временной организации | Санкт-Петербург |
| Дата проведения временной организации | 2015-2016 |
| Системный номер авторитетной/нормативной записи | 516138 |
| Идентификатор авторитетной/нормативной записи | RU\NLR\AUTH\880425795 |
| 942 ## - ДОПОЛНИТЕЛЬНЫЕ ЭЛЕМЕНТЫ ЗАПИСИ (АБИС) | |
| Тип экземпляра АБИС | Книга |
| 980 ## - КОЛЛЕКЦИЯ | |
| Название коллекции | НБР |
Нет доступных экземпляров.